00367nam a2200145Ia 45000030006000000080041000060400015000471000018000622450054000802500006001342600044001403000008001845460012001920050017002040STCL150530s9999 xx 000 0 und d aSTCLcSTCL aVivek Solanki aKinanthropometry in Physical Education and Sports a1 bKHEL Sahitya Kendra; Delhic2009aDelhi a347 aEnglish20220125170626.0